000 00450nam a2200181Ia 4500
003 GCL
008 140319s9999 xx 000 0 eng d
040 _aGCL /
_cGCL
082 0 4 _a860
_bA R
100 1 _aALAS, LEOPOLDO
245 1 0 _aLA REGENTA /
_cALAS, LEOPOLDO
260 _a[S.N] :
_bA LIANZA EDITORIAL ،
_c1987
300 _a702 P
650 0 4 _aLITERATURE
650 0 4 _aSPANISH LANGUAGE
650 0 4 _aSPANISH LITERATURE
942 _2ddc
_cBK
999 _c24245
_d24245